Language Quiz (select 120M+) -Sudden death - Statistics

General Stats
  • This quiz has been taken 50 times
  • The average score is 6 of 14
Answers on the Grid
Answers color-coded by a green-red scale on the quiz's grid according to % correct below.
English
Mandarin Chinese
Hindi
Spanish
Standard Arabic
French
Bengali
Portuguese
Russian
Indonesian
Urdu
Standard German
Japanese
Nigerian Pidgin
Egyptian Arabic
Marathi
Vietnamese
Hausa
Turkish
Thai
Italian
Korean
Tagalog
Amharic
Hebrew
Ilocano
Javanese
Swedish
Afrikaans
Igbo
Greek
 
Answer Stats
Answer % Correct
English
67%
Spanish
67%
French
60%
Mandarin Chinese
53%
Portuguese
53%
Russian
50%
Hindi
43%
Japanese
43%
Standard Arabic
37%
Bengali
33%
Indonesian
30%
Urdu
27%
Standard German
20%
Nigerian Pidgin
17%
No matching quizzes found
Score Distribution
Percent of People with Each Score
Percentile by Number Answered
Your Score History
You have not taken this quiz